Quiz Grammaire #2 - Genre des noms - Statistiques

Statistiques générales
  • Ce quiz a été pris 396 fois
    391 depuis la dernière actualisation
  • Le résultat moyen est 15 sur 15
Statistiques - réponses
Question Réponse % Correct
Mention Féminin
100%
Femme Féminin
100%
Guerre Féminin
100%
Carte Féminin
100%
Langue Féminin
100%
Intelligence Féminin
100%
Nation Féminin
100%
Poussette Féminin
100%
Chance Féminin
100%
Temps Masculin
100%
Gouvernement Masculin
100%
Nom Masculin
100%
Peuple Masculin
100%
Éxperience Féminin
99%
Cage Féminin
99%
Stupidité Féminin
99%
Viande Féminin
99%
Homme Masculin
99%
Quiz Masculin
99%
Jeu Masculin
99%
Ordinateur Masculin
99%
Dictionnaire Masculin
99%
Chapeau Masculin
99%
Verre Masculin
99%
Lycée Masculin
99%
Musée Masculin
99%
Maître Masculin
99%
Page Féminin
98%
Pauvreté Féminin
98%
Bonté Féminin
98%
Médecine Féminin
98%
Livre Masculin
98%
Verbe Masculin
98%
Épouvantail Masculin
98%
Tournesol Masculin
98%
Éducation Féminin
97%
Histoire Féminin
97%
Aile Féminin
97%
Avion Masculin
97%
Paysage Masculin
97%
Bouleau Masculin
97%
Organisme Masculin
97%
Rage Féminin
96%
Pensée Féminin
96%
Heure Féminin
96%
Pension Féminin
96%
Liberté Féminin
96%
Souris Féminin
96%
Communisme Masculin
96%
Feu Masculin
96%
Coquelicot Masculin
96%
Innocence Féminin
95%
Alouette Féminin
94%
Âge Masculin
94%
Squelette Masculin
94%
Mensonge Masculin
93%
Féminisme Masculin
90%
Érable Masculin
88%
Entrevue Féminin
83%
Ail Masculin
76%
Aucun quiz correspondant
Distribution des résultats
% des personnes avec chaque résultat
Percentile par nombre de réponses
Votre historique - résultats
Vous n’avez pas pris ce quiz depuis la dernière actualisation